Viaje al fondo de mi tintero (Record no. 164134)

MARC details
000 -LEADER
campo de control de longitud fija 00629nam a22001695i 4500
001 - NÚMERO DE CONTROL
campo de control 164134
003 - IDENTIFICADOR DE NÚMERO DE CONTROL
campo de control ES-MaACL
005 - FECHA Y HORA DE LA ÚLTIMA TRANSACCIÓN
campo de control 20230906212858.0
008 - DATOS DE LONGITUD FIJA--INFORMACIÓN GENERAL
campo de control de longitud fija 050727s1876 sp | |||||||| ||spa d
040 ## - FUENTE DE CATALOGACIÓN
Centro catalogador/agencia de origen CAM
Lengua de catalogación spa
Centro/agencia transcriptor CAM
100 1# - ENTRADA PRINCIPAL--NOMBRE DE PERSONA
Nombre de persona Ruigómez, Andrés.
9 (RLIN) 100573
245 10 - MENCIÓN DEL TÍTULO
Título Viaje al fondo de mi tintero
Resto del título : coleccion de cuentos y artículos literarios /
Mención de responsabilidad, etc. por Andrés Ruigomez.
260 ## - PUBLICACIÓN, DISTRIBUCIÓN, ETC.
Lugar de publicación, distribución, etc. Madrid :
Nombre del editor, distribuidor, etc. [s.n.],
Fecha de publicación, distribución, etc. 1876 (
Fabricante Establecimiento tipográfico dirigido por José Cayetano Conde)
300 ## - DESCRIPCIÓN FÍSICA
Extensión 224 p. ;
Dimensiones 16 cm.
752 ## - ENTRADA AGREGADA--NOMBRE JERÁRQUICO DEL LUGAR
País o entidad superior España -
Ciudad Madrid
852 ## - LOCALIZACIÓN
Ubicación ES-MaACL
Número de control de estantería D-1635
Nota libre -- Enc. hol.
-- -- Legado M. de la Fuente
Holdings
Estatus retirado Estado de pérdida Estado de daño No para préstamo Colección Biblioteca de origen Biblioteca actual Ubicación en estantería Fecha de adquisición Fuente de adquisición Total de préstamos Signatura topográfica completa Código de barras Visto por última vez Precio de reemplazo Tipo de ítem Koha
        Libros del s. XIX Biblioteca del Ateneo de Madrid Biblioteca del Ateneo de Madrid Sala Valle Inclán 17/01/2008     D-1635 901172024 23/02/2023 23/02/2023 Libro impreso antiguo